000 01409nam a2200373 i 4500
001 197492
003 ES-MaACL
005 20250805062638.0
007 ta
008 900725s1972 sp spa
016 7 _abimoBNE19971443282
_zIND9100113010
_2SpMaBN
017 _aM 36622-1972
_bOficina Depósito Legal Madrid
020 _a8432602892
035 _a(OCoLC)431316665
035 _a(SpMaBN)bimo0000663747
035 _a991030006369708606
040 _aSpMaBN
_bspa
_cA2
080 _a914.64.1 M.(03)
100 1 _aCabezas, Juan Antonio,
_d1900-1993
_933200
_eaut
245 1 0 _aDiccionario de Madrid :
_bLas calles, sus nombres, su historia, su ambiente /
_cJuan Antonio Cabezas
250 _a2ª ed. corregida y ampliada
260 _aMadrid :
_bCompañía Bibliográfica Española,
_c1972
300 _a497 p., 23 p., 2 h. :
_blám., grab. ;
_c22 cm
336 _2rdacontent
_atexto
337 _2rdamedia
_asin mediación
338 _2rdacarrier
_avolumen
650 7 _aCalles-
_zMadrid-
_vDiccionarios
_9172252
852 _aES-MaACL
_cDEPO1
_jA-15585
_hDonación: Fernando Codina Rodríguez
_xEncuadernación cartoné con sobrecubiertas
_9205932
903 _aCodina Rodríguez, Fernando
_ednr
_9238631
942 _n0
_cMONOGRAFIA
999 _c197492
_d197492